| 000 | 00822nam a2200229 a 4500 | ||
|---|---|---|---|
| 001 | 000025800 | ||
| 005 | 20200930024047.0 | ||
| 008 | 110222s1984 txu r 000 0 spa d | ||
| 020 | _a0311460984 | ||
| 040 |
_aDO-SdBNP _bspa _cBNPHU |
||
| 041 | 1 | 7 |
_aspa _heng _2Código de idioma MARC |
| 082 |
_aNNN _bA921d |
||
| 100 | 1 |
_aAugsburger, David _952610 |
|
| 240 | 1 | 0 |
_aCaring enough to confront. _lEspañol. |
| 245 | 1 | 0 |
_aDiferencias personales? : _benfrentelas con amor! / _cDavid Augsburger ; versión castellana de Alfonso Olmedo. |
| 260 |
_aEl Paso, Texas : _bMundo Hispano, _c1984. |
||
| 300 |
_a151, [8] p. ; _c18 cm. |
||
| 500 | _aIncluye referencias bibliográficas (p. 153) | ||
| 534 |
_atítulo original en inglés confront. _tCaring enough to confront. |
||
| 700 | 1 |
_aOlmedo, Alfonso _etr. _949465 |
|
| 049 | _aBNGR | ||
| 999 |
_c25292 _d25292 |
||